000 00645nam a2200205 a 4500
001 000047045
005 20201002053319.0
008 180412s2016 dr a 000 0 spa d
020 _a9789945123845
040 _aDO-SdBNP
_bspa
_cBNPHU
082 _axxxx
_bC352L
100 1 _aCastillo, Lillian
_91132
245 1 0 _aLengua española 4 :
_bnivel primario /
_cLillian Castillo, Isabel Vargas.
260 _aSanto Domingo :
_bSusaeta,
_c2016.
300 _a212p. :
_bil. ;
_c28 cm.
500 _aEnfoque por competencias. Nuevo curriculo.
504 _aBibliografía: p. 204
590 _aInventariado, 2018/MFF
700 1 _aVargas, Isabel
_973396
999 _c46533
_d46533